00353nam a22001217a 4500020001600000082001200016100001700028245007500045260002400120300002400144650003700168700002600205 qHard Cover. a620.005 aRiaz, Mahina aImpact of Turnover on the Productivity of Organization /cMahina Riaz. aCEME - NUST,b2014. a66 p.: ill.;c30cm. aManagment Engineering MS-Thesis. aDr.Akhtar Nawaz Malik